<?xml version="1.0" encoding="UTF-8"?>
<record
    xmlns:xsi="http://www.w3.org/2001/XMLSchema-instance"
    xsi:schemaLocation="http://www.loc.gov/MARC21/slim http://www.loc.gov/standards/marcxml/schema/MARC21slim.xsd"
    xmlns="http://www.loc.gov/MARC21/slim">

  <leader>00677cas a2200205 a 4500</leader>
  <controlfield tag="001">000031409</controlfield>
  <controlfield tag="003">DO-SdBNP</controlfield>
  <controlfield tag="005">20240902094808.0</controlfield>
  <controlfield tag="008">760620u1913uuuudr  x p      f0   b0spa  </controlfield>
  <datafield tag="040" ind1=" " ind2=" ">
    <subfield code="a">DO-SdBNP</subfield>
    <subfield code="c">spa</subfield>
    <subfield code="b">DO-SdBNP</subfield>
  </datafield>
  <datafield tag="043" ind1=" " ind2=" ">
    <subfield code="a">nwdr</subfield>
  </datafield>
  <datafield tag="245" ind1="0" ind2="0">
    <subfield code="a">Revista medico-farmac&#xE9;utica dominicana.</subfield>
  </datafield>
  <datafield tag="260" ind1=" " ind2=" ">
    <subfield code="a">Santo Domingo :,</subfield>
    <subfield code="c">1913.</subfield>
  </datafield>
  <datafield tag="310" ind1=" " ind2=" ">
    <subfield code="a">Mensual</subfield>
  </datafield>
  <datafield tag="362" ind1="0" ind2=" ">
    <subfield code="a">a&#xF1;o 1.no.1y2(enero/febrero, 1913-)</subfield>
  </datafield>
  <datafield tag="500" ind1=" " ind2=" ">
    <subfield code="a">Directores: Fernando A. Defill&#xF3;, J.G. Obreg&#xF3;n Garc&#xED;a</subfield>
  </datafield>
  <datafield tag="650" ind1=" " ind2="4">
    <subfield code="a">Medicina</subfield>
    <subfield code="z">Rep&#xFA;blica Dominicana</subfield>
    <subfield code="v">PUBLICACIONES PERI&#xD3;DICAS</subfield>
    <subfield code="9">57828</subfield>
  </datafield>
  <datafield tag="650" ind1=" " ind2="4">
    <subfield code="a">Farmacia</subfield>
    <subfield code="z">Rep&#xFA;blica Dominicana</subfield>
    <subfield code="v">PUBLICACIONES PERI&#xD3;DICAS</subfield>
    <subfield code="9">57829</subfield>
  </datafield>
  <datafield tag="942" ind1=" " ind2=" ">
    <subfield code="2">ddc</subfield>
    <subfield code="c">ISSUE</subfield>
  </datafield>
  <datafield tag="952" ind1=" " ind2=" ">
    <subfield code="0">0</subfield>
    <subfield code="1">0</subfield>
    <subfield code="3">No se presta</subfield>
    <subfield code="7">1</subfield>
    <subfield code="8">SE</subfield>
    <subfield code="a">PD</subfield>
    <subfield code="b">PD</subfield>
    <subfield code="c">RE</subfield>
    <subfield code="d">2011-06-21</subfield>
    <subfield code="h">A&#xF1;o.1:no.1 y 2 (1913:ene./feb.)</subfield>
    <subfield code="i">191301011913010520110621</subfield>
    <subfield code="l">0</subfield>
    <subfield code="o">1 y 2</subfield>
    <subfield code="p">31409-1;2-1</subfield>
    <subfield code="r">2020-08-08</subfield>
    <subfield code="w">2020-08-08</subfield>
    <subfield code="y">ISSUE</subfield>
    <subfield code="z">Perteneci&#xF3; a la biblioteca personal de Carlos Larrazabal Blanco</subfield>
  </datafield>
  <datafield tag="999" ind1=" " ind2=" ">
    <subfield code="c">30901</subfield>
    <subfield code="d">30901</subfield>
  </datafield>
</record>
